Sprites of Ganon/Ganondorf in The Legend of Zelda - Statistics

General Stats
  • This quiz has been taken 21 times
  • The average score is 13 of 15
Answer Stats
Picture Answer % Correct
Tears of the Kingdom
100%
Twilight Princess
100%
A Link to the Past
93%
Breath of the Wild
93%
Echoes of Wisdom
93%
Ocarina of Time
93%
The Legend of Zelda
93%
The Wind Waker
93%
Ocarina of Time
87%
Oracle of Ages | Oracle of Seasons
87%
Tears of the Kingdom
87%
Twilight Princess
87%
The Adventure of Link
80%
A Link Between Worlds
73%
Four Swords Adventures
60%
No matching quizzes found
Score Distribution
Percent of People with Each Score
Percentile by Number Answered
Your Score History
You have not taken this quiz